LEADER 01369naa a2200241 u 4500 001 000000096445 003 CaOOAMICUS 005 20070226130146.0 008 041013s1993 gw u000 u ger u 020 $a3777293210 035 $a11011419 040 $aIAR$bita 100 1 $aEwig, Eugen,$d1913-$0(OLS)http://pul/name/26880 245 14$aDie Klosterprivilegien des Metropoliten Emmo von Sens, das Reichskonzil von Mâlay-le Roi (660) und der Sturz des Metropoliten Aunemund von Lyon (661/62) /$cEugen Ewig. 260 $aStuttart :$bHiersemann,$c1993. 300 $aS. 63-82 ;$c25 cm 651 4$aFrancia$xStoria ecclesiastica$ySec. VII.$0(OLS)http://pul/subject/30499 773 0 $aHerrschaft, Kirche, Kultur : Beoträge zur Geschichte des Mittelalters - Festschrift für Friedrich Prinz zu seinem 65. Geburtstag. 773 0 $tMonographien zur Geschichte des Mittelalters$gBd. 37 773 0 $tHerrschaft, Kirche, Kultur : Beiträge zur Geschichte des Mittelalters : Festschrift für Friedrich Prinz zu seinem 65. Geburtstag$w()17106 996 $6020$a3777293210$9(OLS)http://pul/number/21996 996 $6245$aDie Klosterprivilegien des Metropoliten Emmo von Sens, das Reichskonzil von Mâlay-le Roi (660) und der Sturz des Metropoliten Aunemund von Lyon (661/62)$9(OLS)http://pul/title/123321 996 $6260$aStuttart :$bHiersemann$9(OLS)http://pul/publisher/55243 LEADER 01541nam a2200313 a 4500 001 000000120399 003 CaOOAMICUS 005 20100301112642.0 008 100301t2010 it u000 u ita r 020 $a978-88-420-9209-4 040 $aPUL$bita$dReb 041 1 $aita$hger 100 1 $aFeuerbach, Ludwig Andreas,$d1804-1872.$0(OLS)http://pul/name/12135 240 10$aTheogonie, nach den Quellen des klassischen, hebraischen und christlichen Altertums$lItaliano.$0(OLS)http://pul/title/151425 245 10$aTeogonia :$bsecondo le fonti dell'antichità classica, ebraica e cristiana /$cLudwig Feuerbach ; a cura di Andrea Cardillo. 260 $aRoma ;$aBari :$bLaterza,$c©2010. 300 $axlii, 367 p. ;$c21 cm. 490 1 $aBiblioteca Filosofica Laterza 504 $aInclude riferimenti bibliografici ed indice. 650 4$aScienza delle religioni.$0(OLS)http://pul/subject/4484 650 4$aTeologia e antropologia.$0(OLS)http://pul/subject/33337 700 1 $aCardillo, Andrea.$0(OLS)http://pul/name/75308 830 0$aBiblioteca Filosofica Laterza.$0(OLS)http://pul/title/147727 850 $aPUL 852 $aPUL$W1$xSL Religione 3$y85$m210 FEULU 1$j138033$qDDC 21$B137215$CPULBib$Z2$F137215 $H112939 $82 941 1 $a9 996 $6020$a978-88-420-9209-4$9(OLS)http://pul/number/143449 996 $6245$aTeogonia :$bsecondo le fonti dell'antichità classica, ebraica e cristiana$9(OLS)http://pul/title/151424 996 $6260$aRoma ;$aBari :$bLaterza$9(OLS)http://pul/publisher/57682